| 000 | 00754nam a2200217 a 4500 | ||
|---|---|---|---|
| 001 | 000021121 | ||
| 005 | 20260421195457.0 | ||
| 008 | 100831s1953 xxu r 000 u spa d | ||
| 040 |
_aDO-SdBNP _bspa _cBNPHU |
||
| 082 |
_a230.09 _bM953h |
||
| 100 | 1 |
_aMuirhead, H. H. _944164 |
|
| 245 | 1 | 3 |
_aHistoria del cristianismo / _cH. H. Muirhead; traducción, A. Pereira Alves. |
| 260 |
_aTexas : _bCasa Bautista de Publicaciones, _c[1953]. |
||
| 300 |
_at.2 . ; _c19 cm. |
||
| 500 | _aIncluye citas al pie de páginas | ||
| 650 | 4 |
_aCristianismo _xHistoria _944165 |
|
| 650 | 0 |
_aCristianismo _xAspectos económicos _944166 |
|
| 650 | 0 |
_aCristianismo y política _944167 |
|
| 650 | 4 |
_aIglesia católica _xHistoria _94242 |
|
| 700 |
_aPereira Alves, A. _etr. _940315 |
||
| 999 |
_c20623 _d20623 |
||